| 000 | 01113nam a22003015a 4500 | ||
|---|---|---|---|
| 003 | OSt | ||
| 005 | 20240818095900.0 | ||
| 008 | 110118s1996 ua a frb 000 0 ara d | ||
| 017 | _a1996 / 10826 | ||
| 020 | _a9770149950 | ||
| 040 |
_aEG-ScBUE _bara _cEG-ScBUE |
||
| 082 | 0 | 4 |
_a551.22 _bس ل ي _222 |
| 100 | 1 |
_aسليمان، مصطفى محمود. _939456 |
|
| 245 | 1 | 2 |
_aالزلازل من فجر التاريخ إلى اليوم / _cمصطفى محمود سليمان. |
| 260 |
_aالقاهرة : _bالهيئة المصرية العامة للكتاب، _c1996. |
||
| 300 |
_a339 ص. : _bإيض. ؛ _c24 سم. |
||
| 490 | 0 |
_aألف كتاب الثاني ؛ _v239 |
|
| 504 | _aببليوجرافية : ص. 325-331. | ||
| 541 |
_aد. مصطفى محمود سليمان ؛ _cإهداء ؛ |
||
| 650 | 7 |
_aالزلازل. _2BUEsh _922048 |
|
| 650 | 7 |
_aالكوارث. _2BUEsh _922050 |
|
| 651 | _2BUEsh | ||
| 653 |
_bGGEN _cDecember2017 |
||
| 942 |
_2ddc _hRDA-MOD |
||
| 999 |
_c14912 _d14912 |
||
| 336 |
_2rdacontent _aنص _btxt |
||
| 337 |
_aبدون وسيط _2rdamedia _bn |
||
| 338 |
_aمجلد _bnc _2rdacarrier |
||